| 000 | 00000nam 2200000zi 4500 |
| 001 | 9.931974 |
| 003 | CaOODSP |
| 005 | 20241119160422 |
| 006 | m o d f |
| 007 | cr |n||||||||| |
| 008 | 231229e19841015qucab ob f|0| 0 fre d |
| 040 | |aCaOODSP|bfre|erda|cCaOODSP |
| 043 | |an-cn-qu |
| 086 | 1 |aCW66-1475/1984F-PDF |
| 100 | 1 |aGervais, Denis, |d1959- |eauteur. |
| 245 | 10|aÉtude de la sauvagine et du merle bleu de l'est sur la RNF-LSF, 1984 / |cpar Denis Gervais, Marc Loiselle, Carole Robidoux, François Shaffer. |
| 264 | 1|a[Sainte-Foy, Québec] : |b[Service canadien de la faune], |c15 octobre 1984. |
| 300 | |a1 ressource en ligne (ii, 44 pages) : |bcarte, illustrations |
| 336 | |atexte|btxt|2rdacontent/fre |
| 337 | |ainformatique|bc|2rdamedia/fre |
| 338 | |aressource en ligne|bcr|2rdacarrier/fre |
| 500 | |aÉdition numérisée de l’imprimé [par Environnement et changement climatique Canada]. |
| 500 | |a« Dans le cadre d'un projet "Environnement 2000." » |
| 504 | |aComprend des références bibliographiques. |
| 505 | 0 |aÉtude de la sauvagine sur la RNF-LSF, 1984 -- Utilisation des nichoirs pour le canard huppe et le merle-bleu sur la Reserve nationale de faune du lac St-François -- Liste annotée des amphibiens et reptiles observés sur la RNF du LSF au cours de l'été '84. |
| 650 | 6|aGibier d'eau|zQuébec (Province)|zSaint-François-du-Lac. |
| 650 | 6|aAmphibiens|zQuébec (Province)|zSaint-François-du-Lac. |
| 650 | 6|aReptiles|zQuébec (Province)|zSaint-François-du-Lac. |
| 650 | 0|aWaterfowl|zQuébec (Province)|zSaint-François-du-Lac. |
| 650 | 0|aAmphibians|zQuébec (Province)|zSaint-François-du-Lac. |
| 650 | 0|aReptiles|zQuébec (Province)|zSaint-François-du-Lac. |
| 651 | 6|aRéserve nationale de faune du Lac-Saint-François (Québec) |
| 710 | 2 |aService canadien de la faune, |eorganisme de publication. |
| 856 | 40|qPDF|s1.32 Mo|uhttps://publications.gc.ca/collections/collection_2024/eccc/cw66/CW66-1475-1984-fra.pdf |